Environmental management in the Soviet Union

Αποθηκεύτηκε σε:
Λεπτομέρειες βιβλιογραφικής εγγραφής
Κύριος συγγραφέας: Pryde, Philip R.
Μορφή: Βιβλίο
Γλώσσα:English
Δημοσίευση: Cambridge [England] ; : New York : Cambridge University Press, 1991
Σειρά:Cambridge Soviet paperbacks ; ; 4
Θέματα:
Ετικέτες: Προσθήκη ετικέτας
Δεν υπάρχουν, Καταχωρήστε ετικέτα πρώτοι!

MARC

LEADER 00000cam a2200000 i 4500
001 1/32976
008 970212s1991 eng d
020 |a 052136079X ((hardback)) 
035 |l 10023851 
040 |a GR-MY-UA  |b gre  |e aacr 
041 0 |a eng 
082 0 |a 363.70560947 
100 1 |a Pryde, Philip R. 
245 1 0 |a Environmental management in the Soviet Union /  |c Philip R. Pryde 
260 |a Cambridge [England] ; :   |a New York :   |b Cambridge University Press,   |c 1991 
300 |a xx, 314 p.;  |b ill., maps;  |c 24 cm. 
490 1 |a Cambridge Soviet paperbacks  |v ; 4 
504 |a Includes bibliographical references (p. 294-308) and index 
650 0 0 |a Environmental policy  |z Soviet Union. 
650 0 0 |a Environmental protection  |z Soviet Union. 
830 0 |a Cambridge Soviet paperbacks ;  |v ; 4 
852 |a INST  |b CHIOS  |e 19970212  |h 363.70560947 PRY  |p 005200010697  |q 005200010697  |t BK  |y 0 
909 |a Χ  |b 013155